00977cam a2200253 i 4500999001700000001000700017005001700024008004100041010001700082020002500099040001800124043002100142050001800163100001800181245010100199260004100300300003300341504004100374650005400415650004700469906004500516942003500561952012700596 c26925d2692583393620170207092329.0780713s1977 nyua b 000 0 eng  a 77093455  a0911708057 :c$17.95 aDLCcDLCdDLC an-cn---an-us---00aNK7235b.H2961 aHardt, Anton.10aNew discoveries in historical spoons :bsouvenirs of United States and Canada /cby Anton Hardt. aNew York :bGreenwich Press,cc1977. axi, 175 p. :bill. ;c27 cm. aIncludes bibliographical references. 0aSpoonszUnited StatesxCollectors and collecting. 0aSpoonszCanadaxCollectors and collecting. a7bcbccorignewd2eopcnf19gy-gencatlg 2lcccBOOKShNK 7235 .H296 1977 00102lcc4070aMUCbMUCcTECHd2017-02-07eDonation (B.F.A)l0oNK 7235 .H296 1977p34146r2018-07-11w2017-02-07yBOOKS